000 01068pam a2200289 a 4500
001 1597223
003 OSt
005 20231002093419.0
008 941003r19941973nyua b 001 0 eng
010 _a 94024204
020 _a0486683362 (pbk.)
040 _aDLC
_cDLC
_dDLC
050 0 0 _aQA303
_b.E22 1994
082 0 0 _a515.84EDW 1994
100 1 _aEdwards, C. Henry
_9766
245 1 0 _aAdvanced Calculus of Several Variables
260 _aNew York;
_bDover Publications,
_c1994.
300 _ax, 457 p. :
_bill. ;
_c24 cm.
440 0 _aDover books on advanced mathematics
_915801
500 _aOriginally published: New York : Academic Press, 1973.
504 _aIncludes bibliographical references (p. [449-451) and index.
650 0 _aCalculus.
_9764
856 4 2 _3Publisher description
_uhttp://www.loc.gov/catdir/description/dover032/94024204.html
906 _a7
_bcbc
_corignew
_d1
_eocip
_f19
_gy-gencatlg
942 _2ddc
_cO_SHELF
999 _c7746
_d7746